Introduction to lattice dynamics / (Record no. 6062)

MARC details
000 -LEADER
fixed length control field 01202nac a22003131i 4500
003 - CONTROL NUMBER IDENTIFIER
control field EG-ScBUE
005 - DATE AND TIME OF LATEST TRANSACTION
control field 20250527092937.0
008 - FIXED-LENGTH DATA ELEMENTS--GENERAL INFORMATION
fixed length control field 250413t1993 e a f b 001 0 eng d
020 ## - INTERNATIONAL STANDARD BOOK NUMBER
International Standard Book Number 0521392934 (hardback)
020 ## - INTERNATIONAL STANDARD BOOK NUMBER
International Standard Book Number 9780521392938
040 ## - CATALOGING SOURCE
Original cataloging agency EG-ScBUE
Language of cataloging eng
Description conventions rda
Transcribing agency EG-ScBUE
Modifying agency EG-ScBUE
082 04 - DEWEY DECIMAL CLASSIFICATION NUMBER
Classification number 530.411
Item number DOV
Edition number 22
100 1# - MAIN ENTRY--PERSONAL NAME
Personal name Dove, Martin T.,
Relator term author.
245 10 - TITLE STATEMENT
Title Introduction to lattice dynamics /
Statement of responsibility, etc Martin T. Dove, Department of Earth Sciences, University of Cambridge.
250 ## - EDITION STATEMENT
Edition statement First edition.
264 #1 - PUBLICATION, DISTRIBUTION, ETC. (IMPRINT)
Place of publication, distribution, etc Cambridge :
Name of publisher, distributor, etc Cambridge University Press,
Date of publication, distribution, etc 1993.
300 ## - PHYSICAL DESCRIPTION
Extent xvii, 258 pages :
Other physical details illustrations ;
Dimensions 24 cm.
336 ## - CONTENT TYPE
Source rdacontent
Content type term text
Content type code txt
337 ## - MEDIA TYPE
Media type term unmediated
Source rdamedia
Media type code n
338 ## - CARRIER TYPE
Carrier type term volume
Carrier type code nc
Source rdacarrier
490 0# - SERIES STATEMENT
Series statement Cambridge topics in mineral physics and chemistry ;
Volume number/sequential designation 4
500 ## - GENERAL NOTE
General note Includes Appendices.<br/>
504 ## - BIBLIOGRAPHY, ETC. NOTE
Bibliography, etc Includes bibliographical references and index.<br/>
650 #7 - SUBJECT ADDED ENTRY--TOPICAL TERM
Topical term or geographic name as entry element Lattice dynamics.
Source of heading or term BUEsh
655 ## - INDEX TERM--GENRE/FORM
Form subdivision Reading book
856 42 - ELECTRONIC LOCATION AND ACCESS
Materials specified Publisher description
Uniform Resource Identifier <a href="http://www.loc.gov/catdir/description/cam026/94118927.html">http://www.loc.gov/catdir/description/cam026/94118927.html</a>
856 42 - ELECTRONIC LOCATION AND ACCESS
Materials specified Table of contents
Uniform Resource Identifier <a href="http://www.loc.gov/catdir/toc/cam022/94118927.html">http://www.loc.gov/catdir/toc/cam022/94118927.html</a>
942 ## - ADDED ENTRY ELEMENTS (KOHA)
Koha item type Book - Borrowing
Source of classification or shelving scheme Dewey Decimal Classification
Holdings
Withdrawn status Lost status Source of classification or shelving scheme Damaged status Not for loan Collection code Home library Current library Shelving location Date acquired Source of acquisition Total Checkouts Full call number Barcode Date last seen Price effective from Koha item type
    Dewey Decimal Classification     Alahram Central Library Central Library First floor 07/11/2012 Purchase   530.411 DOV 000007688 15/07/2025 12/11/2007 Book - Borrowing